000 00654nam a22002657a 4500
001 BR2014004240
003 BR-BrBNA
005 20230928104451.0
007 ta
008 230509b bl.||||| |||| 00| 0 por d
040 _aBR-BrBNA
_bpor
_cBiblioteca Nacional de Agricultura
041 _a(Por)
072 _aL73
090 _ L73 BR2014004240
100 1 _aCorrea, O.
245 1 _aComo vacinar os animais
260 3 _aPorto Alegre, RS (Brasil):
_c1976.
300 _a80 p.
500 _a13 illus
650 _aVACINAÇÃO
650 _aBACTERIOLOGIA
650 _aDOENÇA ANIMAL
909 _a202309
_bLucia
_c55
_dLucia Elande
942 _cBK
999 _c80079
_d80079